Advances in Mathematical Sciences and Applications: An international journal
Đã lưu trong:
| 格式: | 雜誌 |
|---|---|
| 語言: | English |
| 出版: |
Tokyo:
Gakkotosho Co.,LTD,
|
| 標簽: |
添加標簽
沒有標簽, 成為第一個標記此記錄!
|
| Thư viện lưu trữ: | Thư viện Trường Đại học Đà Lạt |
|---|
| LEADER | 00503nam a2200205 4500 | ||
|---|---|---|---|
| 001 | DLU080063292 | ||
| 022 | # | # | |a 1343-4373 |
| 040 | # | # | |a DLU |b eng |
| 041 | # | # | |a eng |
| 245 | # | # | |a Advances in Mathematical Sciences and Applications: |b An international journal |
| 260 | # | # | |a Tokyo: |b Gakkotosho Co.,LTD, |
| 300 | # | # | |a tr.; |c 25cm |
| 994 | # | # | |a DLU |
| 900 | # | # | |a True |
| 911 | # | # | |a Nguyễn Thị Minh Cầm |
| 925 | # | # | |a G |
| 926 | # | # | |a A |
| 927 | # | # | |a TT |
| 980 | # | # | |a Thư viện Trường Đại học Đà Lạt |